|
|
|
|
| LEADER |
00000nab a2200000 a 4500 |
| 001 |
vtls001023674 |
| 003 |
SK-MaSNL |
| 005 |
20260303101242.0 |
| 008 |
040720e19970517xo 0 slo |
| 035 |
|
|
|a SL2249
|
| 040 |
|
|
|a SLLK
|b slo
|c SLLK
|e AACR2
|
| 041 |
0 |
|
|a slo
|
| 044 |
|
|
|a xo
|c SK
|
| 080 |
|
|
|a 354
|2 1981
|
| 245 |
0 |
0 |
|a Nezamestnanosť odsúva nová automobilka
|b premiér V. Mečiar s ďalšími členmi vlády na návšteve v Prešovskom kraji
|c [autor] (slk,keš,šim,mam,mč,zj,TASR)
|
| 300 |
|
|
|b Fotogr.
|
| 600 |
1 |
7 |
|a Hudec, Ivan,
|d 1947-2022
|2 SLLK
|9 86574
|
| 610 |
1 |
7 |
|a Slovensko.
|b Vláda
|2 snkbucl
|9 14235
|
| 650 |
0 |
7 |
|a pracovné výjazdy
|2 SLLK
|9 1112789
|
| 651 |
|
7 |
|a Prešovský samosprávny kraj (Slovensko)
|2 SLLK
|9 23301
|
| 651 |
|
7 |
|a Stará Ľubovňa (Slovensko)
|2 SLLK
|9 19193
|
| 773 |
0 |
8 |
|t Lúč - Východoslovenské noviny
|g Roč. 6, č. 112, 17.5.1997, s. 1,2
|
| 852 |
|
|
|a ZVYKNI
|b KIS3GCP
|
| 999 |
|
|
|c 1837671
|d 1839601
|